000 01743cam a2200133 4500500
005 20251214005053.0
041 _afre
042 _adc
100 1 0 _aBaric, Daniel
_eauthor
245 0 0 _aLangue allemande, identité croate : Au fondement d'un particularisme culturel
260 _bArmand Colin,
_c2013.
520 _aDu Danube à Dubrovnik, l’identité centre européenne de la Croatie s’est développée en interaction avec le monde germanique, par le vecteur de la langue allemande, dans le cadre de l’empire des Habsbourg. La première moitié du XIXe siècle est un moment privilégié de transfert culturel austro-croate, lorsque la présence de l’allemand irrigue la société croate, des écoles aux scènes de théâtre. Le paysage sonore multilingue, les méthodes d’enseignement de l’allemand et la production littéraire mettent en relief les variations individuelles dans l’appropriation, différente selon les milieux et le cadre administratif, de la culture véhiculée par la langue allemande. Le rôle de l’armée sur les frontières orientales de l’empire d’Autriche et des hiérarchies religieuses éclaire l’importance stratégique de cette présence massive de la culture germanique, qui porte déjà en elle les prémices de sa remise en cause, au nom d’une identité croate moderne. Au-delà de la configuration singulière et multiple de l’interpénétration germano-croate, cette étude montre ce que l’histoire interculturelle peut apporter à la compréhension des enjeux culturels, mais aussi politiques et théologiques, de l’enseignement des langues.
856 4 1 _uhttps://shs.cairn.info/langue-allemande-identite-croate--9782200277260?lang=fr&redirect-ssocas=7080
999 _c1568649
_d1568649